000 00654nam a2200265Ia 4500
005 20260121171202.0
008 008 260114s9999 xx 000 0 eng d
020 _a9783658265069
037 _aEBOOK
040 _aCRL
040 _beng
040 _cCRL
041 _2eng
041 _aeng
084 _qCRL
100 _aLena Bendlin
_91073089
245 0 _aOrchestrating Local Climate Policy in the European Union
260 _bSpringer
260 _bSpringer
260 _c2020
856 _uhttps://link.springer.com/openurl?genre=book&isbn=978-3-658-26506-9
942 _cEBOOK
999 _c1638819
_d1638819